000 00744nam a2200217 a 4500
001 43088
003 BD-RjUL
005 20211209053638.0
008 180507s2016 bg a b 000 0 eng d
020 _a9789845190299
_c: Mgo`ngWmUcP
035 _a(BD-RjUL)43206
040 _aBD-RjUL
_cBD-RjUL
_dBD-RjUL
_beng
041 _aeng
082 _223
_aRA 330.954927021
_bMAU 2016
110 1 _aBangladesh Bureau of Statistics (BBS)
_9221313
245 1 0 _aEconomic Census 2013, District Report:
_bMaulvibazar /
_cBangladesh Bureau of Statistics (BBS)
260 _aDhaka:
_bBBS,
_c2016
300 _axviii, 479 p. :
_cIll. ;
_b28 cm.
650 _aBangladesh
_zMaulvibazar
_xEconomic conditions
_y21st century
_vStatistics
_9221314
942 _2ddc
_cRAR
999 _c43088
_d43088